| 000 | 00580nam a2200193Ia 4500 | ||
|---|---|---|---|
| 003 | GCL | ||
| 008 | 140319s9999 xx 000 0 ara d | ||
| 040 |
_aGCL / _cGCL |
||
| 082 | 0 | 4 |
_a820 _bك ع |
| 100 | 1 | _aسهير القلماوى | |
| 245 | 1 | 0 |
_aعزيزتى انتونيا / _cسهير القلماوى |
| 700 | 1 | _aكاثر، ويلا | |
| 300 | _a440 ص | ||
| 490 |
_aالهيئة العامة للاستعلامات _v0 |
||
| 650 | 0 | 4 | _aالادب |
| 650 | 0 | 4 | _aالادب الامريكى |
| 650 | 0 | 4 | _aالقصص الامريكية المترجمة |
| 942 |
_2ddc _cBK |
||
| 999 |
_c50533 _d50533 |
||